| 000 | 00629nam a2200229 i 4500 | ||
|---|---|---|---|
| 001 | 000009626 | ||
| 005 | 20200929161640.0 | ||
| 008 | 760719s1975 sp 000 1 spa | ||
| 010 | _a76469984 | ||
| 040 |
_aDO-SdBNP _cDLC _dDLC _dBNPHU |
||
| 082 |
_aM863.44 _bS765p |
||
| 100 | 1 |
_aSpota, Luis. _924477 |
|
| 245 | 1 | 0 |
_aPalabras mayores / _cLuis Spota. |
| 260 |
_aBarcelona : _bGrijalbo, _c1975. |
||
| 300 |
_a383 p. ; _c20 cm. |
||
| 490 | 1 | _aBest sellers | |
| 650 | 4 |
_aNovela mexicana _93959 |
|
| 650 | 4 |
_aLiteratura mexicana _91922 |
|
| 830 | 0 |
_aBest sellers _924478 |
|
| 910 | _aCatalogación por copia / LC | ||
| 049 | _aBNGR | ||
| 999 |
_c9386 _d9386 |
||